| 000 | 00780nam a22002057a 4500 | ||
|---|---|---|---|
| 005 | 20140306132410.0 | ||
| 008 | 140228s2006 ck ado gr|||| 00| 0 spa d | ||
| 020 | _a9583398128 | ||
| 041 | _aspa | ||
| 044 | _ack | ||
| 082 |
_a577.096 _bR31p |
||
| 245 | 1 | 0 |
_aMemorias del Primer Encuentro de Productores Comunitarios Ambientalmente Amigables / _cRed Colombiana de Productores Comunitarios Ambientalmente Amigables |
| 260 | 3 |
_aBogotá _bRed Colombiana de Productores Comunitarios Ambientalmente Amigables _c2006 |
|
| 300 |
_a188 p. _bil., fot., tablas, gráficas _c25 cm |
||
| 650 |
_aAgricultura _zColombia _917043 |
||
| 650 |
_aAgricultura Organica _zColombia _917044 |
||
| 650 |
_aEcología _zColombia _917045 |
||
| 650 |
_aAdministración _xComercio _917046 |
||
| 942 |
_2ddc _cImpreso |
||
| 999 |
_c8186 _d8186 |
||